Statistics for Looney Tunes Characters

Click here to take the quiz!

General Stats

  • This quiz has been taken 21,659 times
  • The average score is 12 of 19

Answer Stats

Clue Character % Correct
"What' up, doc?"Bugs Bunny
99%
"Beep beep!" says this speedy birdRoad Runner
92%
Whirls about in a dust devilTasmanian Devil
89%
He tawt he saw a puddy tatTweety
89%
"Th-Th-Th-Th-Th... That's all, folks!"Porky Pig
83%
The aforementioned puddy tatSylvester
83%
"You're dethspicable!"Daffy Duck
82%
Wabbit hunterElmer Fudd
81%
The fastest mouse in MexicoSpeedy Gonzales
78%
Amorous French skunkPepé Le Pew
72%
Enthusiastic ACME customerWile E. Coyote
68%
Trigger happy frontiersman
who hates "varmints"
Yosemite Sam
59%
Wants to blow up EarthMarvin the Martian
58%
I say, I say, I say, he's a giant chickenFoghorn Leghorn
53%
Elderly caretaker of the aboveGranny
37%
Significant other of the abovePetunia Pig
27%
Amphibian who sings "Hello! Ma Baby"Michigan J. Frog
10%
Evil witchWitch Hazel
9%
Tiny angry hawk who wants to eat a chicken
(but doesn't know what they look like)
Henery Hawk
7%

Score Distribution

Percentile by Number Answered

Percent of People with Each Score

Your Score History

You have not taken this quiz